00821nam a22002297a 45000010008000000030009000080050017000170070008000340080040000420400022000820820027001041000019001312450119001502600032002697000031003017000043003329420012003759450028003879520121004159560038005369990017005740011754DO-SdBNP20180212091515.00011754161114b 1978 cu||||| |||| 00| 0 spa d aBPMSUbspacBPMSU axxxxxxxxxxbxxxxxxxxxx1 aBarnet, Miguel1 aAkeké y la jutía /cMiguel Barnet ; ilustraciones Enrique Martínez ; edición Ofelia Llenín del Alcázar aCuba :bGente nueva,c1978.1 aMartínez, Enrique,eil.,1 aLlenín del Alcázar, Ofelia, eed. 2ddccBK ainventariado, 2018 7 dg 00102ddc40708CI-GaBPMETbBPMETd2016-11-14l0oxxxxxxxxxx xxxxxxxxxxpBPMSU16111283r2016-11-14w2016-11-14yBK aBTAVÁREZb10c20161114d0011754 c11940d11940